000 00928nam a22003377a 4500
001 BR9103919
003 BR-BrBNA
005 20230928093627.0
007 ta
008 230509b bl.||||| |||| 00| 0 por d
040 _aBR-BrBNA
_bpor
_cBiblioteca Nacional de Agricultura
041 _a(Por)
072 _aH10
_b4020
_b0311
_b0312
090 _ 4020 BR9103919
100 1 _aMoura, J.I.L.
100 1 _aResende, M.L.V. de
100 1 _aLima, M.F. de
100 1 _aSantana, D.L. de Q.
110 1 _aCentro de Pesquisas do Cacau, Ilheus, BA (Brasil)
_91631
245 1 _aTaticas para o controle integrado de Rhynchophorus (L)
260 3 _aIlheus, BA (Brasil):
_c1991.
300 _a12 p.
500 _aSummaries (Eng, Por)
650 _aCOCO
650 _aDENDE
650 _aPALMEIRA OLEAGINOSA
650 _aINSETO
650 _aCONTROLE INTEGRADO
909 _a202309
_bLucia
_c55
_dLucia Elande
942 _cBK
999 _c46093
_d46093